Central Library OPAC University of Rajshahi

The art of teaching / (Record no. 43345)

MARC details
000 -LEADER
fixed length control field 00657nam a2200229 a 4500
001 - CONTROL NUMBER
control field 43345
003 - CONTROL NUMBER IDENTIFIER
rucl marc code BD-RjUL
005 - DATE AND TIME OF LATEST TRANSACTION
control field 20211209053703.0
008 - FIXED-LENGTH DATA ELEMENTS--GENERAL INFORMATION
fixed length control field 160621s19541951nyu 001 0 eng d
035 ## - SYSTEM CONTROL NUMBER
System control number (OCoLC)ocm12198343
System control number (BD-RjUL) 43463
040 ## - CATALOGING SOURCE
Original cataloging agency KKA
Transcribing agency KKA
Language of cataloging eng
041 ## - LANGUAGE CODE
Language code of text/sound track or separate title eng
082 ## - DEWEY DECIMAL CLASSIFICATION NUMBER
Edition number 23
Classification number 371.102
Author mark and year HIA 1954
100 1# - MAIN ENTRY--PERSONAL NAME
Personal name Highet, Gilbert.
Dates associated with a name 1906-1978.
9 (RLIN) 133147
245 14 - TITLE STATEMENT
Title The art of teaching /
Statement of responsibility, etc. Gilbert Highet.
260 ## - PUBLICATION, DISTRIBUTION, ETC. (IMPRINT)
Place of publication, distribution, etc. New York :
Name of publisher, distributor, etc. Methuen,
Date of publication, distribution, etc. c1951, [reprint 1954]
300 ## - PHYSICAL DESCRIPTION
Pagination xii, 266 p. ;
Size 18 cm.
504 ## - BIBLIOGRAPHY, ETC. NOTE
Bibliography, etc Includes bibliographical references and index.
650 #0 - SUBJECT ADDED ENTRY--TOPICAL TERM
Topical term or geographic name as entry element Teaching.
9 (RLIN) 133148
942 ## - ADDED ENTRY ELEMENTS (KOHA)
Source of classification or shelving scheme Dewey Decimal Classification
Koha item type Books
Holdings
Lost status Source of classification or shelving scheme Damaged status Not for loan Collection code Permanent Location Current Location Shelving location Date acquired Source of acquisition Cost, normal purchase price Total Checkouts Full call number Date last seen Copy number Koha item type
  Dewey Decimal Classification     Non-fiction Central Library, University of Rajshahi Central Library, University of Rajshahi   22/09/1955 B. H. Book 12.60   371.102 HIA 1954 21/06/2016 C-2 Books
  Dewey Decimal Classification     Non-fiction Central Library, University of Rajshahi Central Library, University of Rajshahi   22/09/1955 B. H. Book 12.60   371.102 HIA 1954 21/06/2016 C-3 Books
  Dewey Decimal Classification     Non-fiction Central Library, University of Rajshahi Central Library, University of Rajshahi   03/02/1955 A. B. Rasaar 12.60   371.102 HIA 1954 21/06/2016 C-4 Books